Bài giảng Luật hành chính Việt Nam

Bài giảng giới thiệu những vấn đề chung của luật hình chính, các nguyên tắc cơ bản trong quản lý hành chính Nhà nước, quy phạm và quan hệ pháp luật , nội dung, hình thức, phương pháp quản lý hành chính Nhà nước v.v......

Deskribapen osoa

Gorde:
Xehetasun bibliografikoak
Egile nagusia: Phan, Minh Phụng
Formatua: Liburua
Hizkuntza:Undetermined
Argitaratua: Cần Thơ Trường Đại học Cần Thơ 2000
Gaiak:
Etiketak: Etiketa erantsi
Etiketarik gabe, Izan zaitez lehena erregistro honi etiketa jartzen!
Thư viện lưu trữ: Trung tâm Học liệu Trường Đại học Cần Thơ
LEADER 00945nam a2200205Ia 4500
001 CTU_43834
008 210402s9999 xx 000 0 und d
082 |a 342.597 
082 |b Ph513 
100 |a Phan, Minh Phụng 
245 0 |a Bài giảng Luật hành chính Việt Nam 
245 0 |c Phan, Minh Phụng (Biên soạn) 
260 |a Cần Thơ 
260 |b Trường Đại học Cần Thơ 
260 |c 2000 
520 |a Bài giảng giới thiệu những vấn đề chung của luật hình chính, các nguyên tắc cơ bản trong quản lý hành chính Nhà nước, quy phạm và quan hệ pháp luật , nội dung, hình thức, phương pháp quản lý hành chính Nhà nước v.v... 
650 |a Adminstrative law ( vietnamese law) 
650 |x Outlines, syllabi, etc 
904 |i Minh 
980 |a Trung tâm Học liệu Trường Đại học Cần Thơ